01138nam a22002897a 4500001000700000003000900007005001700016007001400033007001400047008004100061010001700102025001500119040002300134042001000157043001200167050003000179082001300209100003900222245005200261260004300313300002100356500002700377520006900404533026400473651004700737830006400784723233BDDh-ASL20231015025718.0hduafb---bacphdubfb---baap980305s1940 enk a 000 0 eng  a 97910838  aNBIL-08767 aDLCcDLCdBDDh-ASL alcode aa-ii---00aMicrofilm GSN-ENG-559 (D) a954bTHE1 aThompson, Edward John,d1886-1946.10aEnlist India for freedom!/cby Edward Thompson. aLondon :bVictor Gollancz Ltd.,c1940. a120 p. :c19 cm. a"Victory books no. 5." aAccount of the political situation in India before independence. aMicrofilm.bNew Delhi :cLibrary of Congress Office ;bChicago :cAvailable from Center for Research Libraries,d1997.eOn 1 microfilm reel with other items ; 35 mm.f(SAMP early 20th-century Indian books project ; item 08767)nMaster microform held by: ICRL. 0aIndiaxPolitics and governmenty1919-1947. 0aSAMP early 20th-century Indian books project ;vitem 08767.